|
|
|
|
| LEADER |
00000nam0a2200000 4500 |
| 001 |
112107 |
| 005 |
20231031121335.0 |
| 010 |
|
|
|a 5742005253
|
| 020 |
|
|
|a RU
|b 90-72468
|
| 035 |
|
|
|a (RuTPU)RU\TPU\book\121206
|
| 035 |
|
|
|a RU\TPU\book\101703
|
| 090 |
|
|
|a 112107
|
| 100 |
|
|
|a 20070323d1992 m y0rusy5003 ca
|
| 101 |
1 |
|
|a rus
|c fre
|
| 102 |
|
|
|a RU
|
| 105 |
|
|
|a y z 000ay
|
| 200 |
1 |
|
|a Анжелика и ее любовь
|e роман : пер. с фр.
|f А. Голон, С. Голон
|
| 210 |
|
|
|a Нижний Новгород
|c Волго-Вятское кн. изд-во
|d 1992
|
| 215 |
|
|
|a 352 с.
|
| 610 |
1 |
|
|a французская литература
|
| 610 |
1 |
|
|a любовь
|
| 610 |
1 |
|
|a романы
|
| 610 |
1 |
|
|a любовные романы
|
| 675 |
|
|
|a 84
|z rus
|v 3
|
| 700 |
|
1 |
|a Голон
|b А.
|g Анн
|
| 701 |
|
1 |
|a Голон
|b С.
|g Серж
|
| 801 |
|
0 |
|a RU
|b RuMRKP
|c 19950417
|g psbo
|
| 801 |
|
1 |
|a RU
|b 63413507
|c 20051014
|g PSBO
|
| 801 |
|
2 |
|a RU
|b 63413507
|c 20070412
|g PSBO
|
| 942 |
|
|
|c BK
|